00774nam a2200169 a 450000100100000000500170001000800410002704000250006808200150009324500940010826001780020230000200038071000640040004900090046495201140047399900170058700002841520200930054931.0110408s2006 dr 000 0 spa d aDO-SdBNPbspacBNPHU axxxbR337o01aReglamento de organización y funciones de la escuela nacional del Ministerio Público. aSanto Domingo :bEscuela Nacional del Ministerio Público, (ENMP)bOrganización Internacional del Trabajo (OIT), UNIBE Universidad Iberoamericana.,c2006.fEditora Búho a39 p. ;c22 cm.1 aLa Escuela Nacional del Ministerio Público, (ENMP)955369 aBNPD 00107-18PDaPDbPDcOId2011-04-08iLF1l0oxxx R337op28415-10r2020-06-25w2020-06-25yLFPDZNo se presta c27907d27907